00546nam a2200157 a 4500008004100000020001500041050001600056100002300072245009000095260006700185300002700252350000900279650004000288650002800328650003200356120416s1993 ||||||||||||||||| || u a0796915563 aLB 1715 Hum ade Villiers, Ilona10aSouthern African conference on the restructuring of education: conference proceedings aPretoria:bEducation Consulting and Counselling Servicesc1993 aviii, 196[10]p. : ill. a0.00 0aEDUCATIONAL TESTS AND MEASUREMENTS  aEDUCATION--SOUTH AFRICA aEDUCATION--AFRICA, SOUTHERN